1980s Best Picture Oscar Nominees - Multiple Choice - Statistics

General Stats
  • This quiz has been taken 251 times
    192 since last reset
  • The average score is 6 of 10
Answer Stats
Question Answer % Correct
Which 1980 Best Picture nominee lost to Ordinary People? Raging Bull
85%
Which 1984 Best Picture nominee lost to Amadeus? The Killing Fields
85%
Which 1989 Best Picture nominee lost to Driving Miss Daisy? Dead Poets Society
73%
Which 1982 Best Picture nominee lost to Gandhi? E.T. the Extra-Terrestrial
65%
Which 1983 Best Picture nominee lost to Terms of Endearment ? The Right Stuff
65%
Which 1985 Best Picture nominee lost to Out of Africa? Witness
65%
Which 1981 Best Picture nominee lost to Chariots of Fire? Raiders of the Lost Ark
62%
Which 1986 Best Picture nominee lost to Platoon? The Mission
58%
Which 1988 Best Picture nominee lost to Rain Man? Dangerous Liaisons
42%
Which 1987 Best Picture nominee lost to The Last Emperor? Fatal Attraction
35%
No matching quizzes found
Score Distribution
Percent of People with Each Score
Percentile by Number Answered
Your Score History
You have not taken this quiz since the last reset